Statistiques concernant Capitales mondiales les plus proches d'Oslo - Sprint d'une minute

Cliquez ici pour prendre le quiz!

Statistiques générales

  • Ce quiz a été pris 78 fois
  • Le résultat moyen est 12 sur 20

Statistiques - réponses

kmcapitale% Correct
840Berlin
93%
1342Paris
93%
788Helsinki
91%
418Stockholm
91%
484Copenhague
88%
1086Bruxelles
82%
1155Londres
81%
914Amsterdam
76%
788Tallinn
69%
1064Varsovie
63%
844Riga
62%
1266Dublin
57%
1184Luxembourg
54%
1047Vilnius
54%
1120Prague
46%
1352Vienne
44%
1220Minsk
40%
1424Vaduz
26%
1375Bratislava
24%
971T{órshavn}
6%

Distribution des résultats

Percentile par nombre de réponses

% des personnes avec chaque résultat

Votre développement - résultats

Vous n’avez pas pris ce quiz